000
00300 a2200109 4500
001
ART_37925
005
20260410161738.0
008
260409a
245
1
0
_a
Trabajo agrario o rural
100
1
_a
Nápoli, Rodolfo A.
773
0
_t
Doctrina laboral
_g
- Nº 368 (abr. 2016)
_w
REV4049
999
_c
18459
_d
18459